| 000 | 00175nam a22000617a 4500 | ||
|---|---|---|---|
| 999 |
_c23954 _d23954 |
||
| 003 | Nust | ||
| 005 | 20170302163214.0 | ||
| 008 | 140428b xxu||||| |||| 00| 0 eng d | ||
| 010 | _a20022017476 | ||
| 020 | _a1584882069 | ||
| 040 |
_aDLC _bDLC _cRCMS |
||
| 082 |
_22nd,ed. _a005.82STI |
||
| 100 | _aStinson, Douglas R | ||
| 245 | _aCryptography : theory and practice | ||
| 260 |
_aUSA _bChapman & Hall/CRC _cc2002 |
||
| 300 |
_ax, 339 p. : _bill. ; _c26 cm. |
||
| 650 | _a1. Coding Theory 2. Cryptography | ||
| 856 |
_3Table of contents only _uhttp://www.loc.gov/catdir/toc/ecip0716/2007017469.html |
||
| 942 |
_2ddc _cBK |
||